书目信息 |
| 题名: |
城市街道中柔性空间的人性化设计研究
|
|
| 作者: | 陈韬, 著 | |
| 分册: | ||
| 出版信息: | 沈阳 辽宁大学出版社 2019.12 |
|
| 页数: | 196页 | |
| 开本: | 26cm | |
| 丛书名: | ||
| 单 册: | ||
| 中图分类: | TU984.191 | |
| 科图分类: | ||
| 主题词: | 城市道路--城市规划--建筑设计--研究 | |
| 电子资源: | ||
| ISBN: | 978-7-5610-9596-6 | |
| 000 | 01185nam0 2200277 45 | |
| 001 | 489689 | |
| 005 | 20140818091113.0 | |
| 010 | @a978-7-5610-9596-6@dCNY59.00 | |
| 099 | @aCAL 012020056221 | |
| 100 | @a20200514d2019 em y0chiy0110 ea | |
| 101 | 0 | @achi |
| 102 | @aCN@b210000 | |
| 105 | @aa a 000yy | |
| 106 | @ar | |
| 200 | 1 | @a城市街道中柔性空间的人性化设计研究@Acheng shi jie dao zhong rou xing kong jian de ren xing hua she ji yan jiu@f陈韬著 |
| 210 | @a沈阳@c辽宁大学出版社@d2019.12 | |
| 215 | @a196页@c图@d26cm | |
| 300 | @a本成果受湖南社科基金项目“城市街道中柔性空间的人生化设计研究” (15YBA183) 资助 | |
| 314 | @a陈韬, 湖南师范大学艺术设计学硕士毕业, 现任湖南理工学院美术与设计专业讲师。 | |
| 320 | @a有书目 (第195-196页) | |
| 330 | @a本书从城市街道中柔性空间人性化设计的概念入手, 阐述柔性空间与自然环境、人文环境的关系, 总结柔性空间设计的研究方法, 探讨城市街道中柔性空间的构成、社会功能以及城市住宅区内的柔性空间人性化设计等问题, 并结合实际案例进行了实证分析。 | |
| 606 | 0 | @a城市道路@x城市规划@x建筑设计@x研究 |
| 690 | @aTU984.191@v5 | |
| 701 | 0 | @a陈韬,@Achen tao@f1984-@4著 |
| 801 | @aCN@b江苏凤凰@c20211018 | |
| 905 | @b1356007-9@dTU984.191@e2100@f3 | |
| 城市街道中柔性空间的人性化设计研究/陈韬著.-沈阳:辽宁大学出版社,2019.12 |
| 196页:图;26cm |
| 本成果受湖南社科基金项目“城市街道中柔性空间的人生化设计研究” (15YBA183) 资助 |
| ISBN 978-7-5610-9596-6:CNY59.00 |
| 本书从城市街道中柔性空间人性化设计的概念入手, 阐述柔性空间与自然环境、人文环境的关系, 总结柔性空间设计的研究方法, 探讨城市街道中柔性空间的构成、社会功能以及城市住宅区内的柔性空间人性化设计等问题, 并结合实际案例进行了实证分析。 |
| ● |
| 相关链接 |
|
|
|
|
正题名:城市街道中柔性空间的人性化设计研究
索取号:TU984.191/2100
 
预约/预借
| 序号 | 登录号 | 条形码 | 馆藏地/架位号 | 状态 | 备注 |
| 1 | 1356007 | 213560074 | 第二样本阅览室/ [索取号:TU984.191/2100] | 在馆 | |
| 2 | 1356008 | 213560083 | 第三借阅区/ [索取号:TU984.191/2100] | 在馆 | |
| 3 | 1356009 | 213560092 | 第三借阅区/ [索取号:TU984.191/2100] | 在馆 |